Seleção Arsenal Champions League 2024/2025 - Statistics

Estatísticas Gerais
  • Esse quiz foi jogado 51 vezes
  • A pontuação média é 18 de 23
Estatísticas das Respostas
Imagem Resposta % Correto
Gabriel Jesus
98%
Gabriel Martinelli
98%
Raheem Sterling
98%
Bukayo Saka
96%
Jorginho
96%
Kai Havertz
96%
Martin Ødegaard
96%
Gabriel
94%
Declan Rice
92%
Neto
92%
David Raya
90%
Thomas Partey
90%
William Saliba
90%
Oleksandr Zinchenko
86%
Mikel Merino
74%
Riccardo Calafiori
72%
Ben White
70%
Leandro Trossard
70%
Jurriën Timber
64%
Takehiro Tomiyasu
60%
Kieran Tierney
54%
Jakub Kiwior
42%
Tommy Setford
8%
Nenhum quiz correspondente encontrado
Distribuição das Pontuações
Porcentagem de Pessoas com Cada Pontuação
Percentil de Números Respondidos
Sua Pontuação Histórica
Você não jogou esse quiz